Statistics for Neologisms #1

Click here to take the quiz!

General Stats

  • This quiz has been taken 23,076 times
    (8,309 since last reset)
  • The average score is 13 of 18

Answer Stats

Definition Word % Correct
A photograph one takes of oneself, typically using a phoneSelfie
100%
A word or phrase, preceded by #, used to identify a topic on TwitterHashtag
96%
Unsolicited bulk e-mailSpam
93%
A person who provokes others (chiefly on the Internet) for their own personal amusementTroll
85%
A middle-aged woman "on the prowl" for younger menCougar
83%
A vacation where you stay at homeStaycation
81%
Expensive jewelry or the "sound" it makes when light hits itBling
79%
"Sport" that involves running through an urban environment, navigating
obstacles while preserving momentum
Parkour
71%
To bully via the internetCyberbully
70%
A bride who has unreasonable demands for her weddingBridezilla
68%
To lure someone into a relationship by means of a fictional online personaCatfish
68%
A heterosexual man who enjoys fashion and personal groomingMetrosexual
67%
Describes a person whose "eyes have been opened" to the social justice movementWoke
63%
The "5th taste", corresponding to the flavor of meat or MSGUmami
59%
Chicken inside a duck inside a turkeyTurducken
52%
Audio program made available for internet downloadPodcast
48%
People who are easily controlled in the manner of sheepSheeple
44%
An expression used to indicate idiocy, often preceded by "herp"Derp
38%

Score Distribution

Percentile by Number Answered

Percent of People with Each Score

Your Score History

You have not taken this quiz since the last reset